| 000 | 00573nam a22001937a 4500 | ||
|---|---|---|---|
| 003 | OSt | ||
| 005 | 20241017130310.0 | ||
| 008 | 241017b |||||||| |||| 00| 0 eng d | ||
| 040 |
_aMMU _beng _cMMU _dMMU |
||
| 050 | _aSD 4075 .B36 2006 | ||
| 245 |
_aBioanalysis & Biosensors in agriculture science / _cEditor P.B. Bansal. |
||
| 260 |
_aNew Delhi : _bGene-Tech Books,2006. |
||
| 300 |
_a271 Pages : _bIllustrations ; |
||
| 504 | _aIncludes index. | ||
| 650 |
_aAgriculture _9990 |
||
| 650 |
_aScience _92109 |
||
| 700 |
_aEditor P.B. Bansal. _92110 |
||
| 942 |
_2lcc _cLOAN LOAN |
||
| 999 |
_c33131 _d33128 |
||